Famous American Lakes by Picture - Statistics

General Stats
  • This quiz has been taken 8 times
  • The average score is 6 of 12
Answer Stats
Picture Answer % Correct
Lake Michigan
88%
Crater Lake
75%
Great Salt Lake
75%
Lake Pontchartrain
75%
Lake Champlain
63%
Lake Tahoe
63%
Lake Okeechobee
38%
Pyramid Lake
38%
Yellowstone Lake
38%
Bear Lake
25%
Flathead Lake
25%
Lake Chelan
25%
No matching quizzes found
Score Distribution
Percent of People with Each Score
Percentile by Number Answered
Your Score History
You have not taken this quiz